00727cam a2200205 a 4500001000800000005001700008008004100025010001700066020001500083050001900098100004500117245009800162250001200260260005100272300007000323500004000393504004100433650001900474650002800493103775620161221161747.0890815s1990 cauaf b 001 0 eng  a 89037025  a053412222100aGF41 .M54 19901 aMiller, G. Tylerq(George Tyler),d1931-10aLiving in the environment :ban introduction to environmental science /cG. Tyler Miller, Jr. a6th ed. aBelmont, Calif. :bWadsworth Pub. Co.,cc1990. axviii, 620, 60 p., [8] p. of plates :bill. (some col.) ;c29 cm. a"The Annenberg/CPB project"--Cover. aIncludes bibliographical references. 0aHuman ecology. 0aEnvironmental sciences.